MyGZULibrary

Aristotle : (Record no. 2678)

MARC details
000 -LEADER
fixed length control field 01378cam a22003134a 4500
001 - CONTROL NUMBER
control field 12560087
003 - CONTROL NUMBER IDENTIFIER
control field GZU
005 - DATE AND TIME OF LATEST TRANSACTION
control field 20201105072128.0
008 - FIXED-LENGTH DATA ELEMENTS--GENERAL INFORMATION
fixed length control field 011010s2002 enk b 001 0 eng
010 ## - LIBRARY OF CONGRESS CONTROL NUMBER
LC control number 2001054568
020 ## - INTERNATIONAL STANDARD BOOK NUMBER
International Standard Book Number 0198782004 (pbk.)
040 ## - CATALOGING SOURCE
Original cataloging agency DLC
Transcribing agency DLC
Modifying agency DLC
042 ## - AUTHENTICATION CODE
Authentication code pcc
050 00 - LIBRARY OF CONGRESS CALL NUMBER
Classification number JC71.A7
Item number K73 2002
082 00 - DEWEY DECIMAL CLASSIFICATION NUMBER
Classification number 320/.01/1
Edition number 21
100 1# - MAIN ENTRY--PERSONAL NAME
Personal name Kraut, Richard,
Dates associated with a name 1944-
245 10 - TITLE STATEMENT
Title Aristotle :
Remainder of title political philosophy /
Statement of responsibility, etc. Richard Kraut.
260 ## - PUBLICATION, DISTRIBUTION, ETC.
Place of publication, distribution, etc. Oxford [England] ;
-- New York :
Name of publisher, distributor, etc. Oxford University Press,
Date of publication, distribution, etc. 2002.
300 ## - PHYSICAL DESCRIPTION
Extent xii, 520 p. ;
Dimensions 24 cm.
440 #0 - SERIES STATEMENT/ADDED ENTRY--TITLE
Title Founders of modern political and social thought
504 ## - BIBLIOGRAPHY, ETC. NOTE
Bibliography, etc. note Includes bibliographical references (p. [483]-495) and indexes.
600 00 - SUBJECT ADDED ENTRY--PERSONAL NAME
Personal name Aristotle
General subdivision Political and social views.
856 41 - ELECTRONIC LOCATION AND ACCESS
Materials specified Table of contents only
Uniform Resource Identifier <a href="http://www.loc.gov/catdir/enhancements/fy0611/2001054568-t.html">http://www.loc.gov/catdir/enhancements/fy0611/2001054568-t.html</a>
856 42 - ELECTRONIC LOCATION AND ACCESS
Materials specified Publisher description
Uniform Resource Identifier <a href="http://www.loc.gov/catdir/enhancements/fy0611/2001054568-d.html">http://www.loc.gov/catdir/enhancements/fy0611/2001054568-d.html</a>
856 42 - ELECTRONIC LOCATION AND ACCESS
Materials specified Contributor biographical information
Uniform Resource Identifier <a href="http://www.loc.gov/catdir/enhancements/fy0724/2001054568-b.html">http://www.loc.gov/catdir/enhancements/fy0724/2001054568-b.html</a>
906 ## - LOCAL DATA ELEMENT F, LDF (RLIN)
a 7
b cbc
c orignew
d 1
e ocip
f 20
g y-gencatlg
942 ## - ADDED ENTRY ELEMENTS (KOHA)
Source of classification or shelving scheme Library of Congress Classification
Koha item type Books
Classification part 71
Item part KRA
Call number prefix JC
Call number suffix 2002
Holdings
Withdrawn status Lost status Damaged status Not for loan Collection code Home library Current library Shelving location Date acquired Total Checkouts Full call number Barcode Date last seen Date last checked out Copy number Price effective from Koha item type
        Non-fiction City Campus Library City Campus Library General Stacks 11/05/2020 1 JC71 KRA 2002 000151 06/30/2022 06/23/2022 c.1 11/05/2020 Books